<?xml version="1.0" encoding="UTF-8"?>
<record
    xmlns:xsi="http://www.w3.org/2001/XMLSchema-instance"
    xsi:schemaLocation="http://www.loc.gov/MARC21/slim http://www.loc.gov/standards/marcxml/schema/MARC21slim.xsd"
    xmlns="http://www.loc.gov/MARC21/slim">

  <leader>01402nam a22002657a 4500</leader>
  <controlfield tag="005">20240131115742.0</controlfield>
  <controlfield tag="008">240131b        ve |||||||| |||| 00| 0 spa d</controlfield>
  <datafield tag="020" ind1=" " ind2=" ">
    <subfield code="a">9802250228</subfield>
  </datafield>
  <datafield tag="050" ind1="0" ind2="4">
    <subfield code="a">F2325</subfield>
    <subfield code="b">P53 1987</subfield>
  </datafield>
  <datafield tag="100" ind1="1" ind2=" ">
    <subfield code="a">Pic&#xF3;n-Salas, Mariano,</subfield>
    <subfield code="d">1901-1965.</subfield>
  </datafield>
  <datafield tag="245" ind1="1" ind2="0">
    <subfield code="a">Mariano Pic&#xF3;n-Salas, embajador de Venezuela</subfield>
    <subfield code="c">/ Delia Pic&#xF3;n [compilador] ; pr&#xF3;logo de Sim&#xF3;n Alberto Consalvi ; presentaci&#xF3;n de Efra&#xED;n Schacht Aristeguieta.</subfield>
  </datafield>
  <datafield tag="250" ind1=" " ind2=" ">
    <subfield code="a">1a ed. </subfield>
  </datafield>
  <datafield tag="260" ind1=" " ind2=" ">
    <subfield code="a">Caracas, Venezuela : </subfield>
    <subfield code="b">Instituto de Asuntos Internacionales, Ministerio de Relaciones Exteriores, </subfield>
    <subfield code="c">1987.</subfield>
  </datafield>
  <datafield tag="300" ind1=" " ind2=" ">
    <subfield code="a">xxvii, 519 paginas. :</subfield>
    <subfield code="b">ilustraciones. ; </subfield>
    <subfield code="c">23 cm.</subfield>
  </datafield>
  <datafield tag="490" ind1=" " ind2="0">
    <subfield code="a">Biblioteca de pol&#xED;tica exterior ;</subfield>
    <subfield code="v">no. 3</subfield>
  </datafield>
  <datafield tag="500" ind1=" " ind2=" ">
    <subfield code="a">"Colecci&#xF3;n de documentos oficiales publicados por el Ministerio de Relaciones Exteriores de Venezuela sobre las actividades del Embajador Pic&#xF3;n-Salas dentro del ministerio y como representante de Venezuela ante Checoslovaquia, Estados Unidos, Colombia, Brasil, M&#xE9;xico y la UNESCO"</subfield>
  </datafield>
  <datafield tag="600" ind1="2" ind2="0">
    <subfield code="a">Pic&#xF3;n-Salas, Mariano,</subfield>
    <subfield code="d">1901-1965. </subfield>
    <subfield code="v">Archivo </subfield>
  </datafield>
  <datafield tag="610" ind1="2" ind2="0">
    <subfield code="a">UNESCO.</subfield>
  </datafield>
  <datafield tag="651" ind1=" " ind2="7">
    <subfield code="2">lemb </subfield>
    <subfield code="a">Venezuela </subfield>
    <subfield code="x">Relaciones exteriores</subfield>
  </datafield>
  <datafield tag="651" ind1=" " ind2="7">
    <subfield code="2">lemb </subfield>
    <subfield code="a">Checoslovaquia </subfield>
    <subfield code="x">Historia </subfield>
    <subfield code="y">1918-1938.</subfield>
  </datafield>
  <datafield tag="651" ind1=" " ind2="7">
    <subfield code="2">lemb </subfield>
    <subfield code="a">Am&#xE9;rica </subfield>
    <subfield code="x">Historia </subfield>
    <subfield code="y">Siglo XX</subfield>
  </datafield>
  <datafield tag="700" ind1="1" ind2=" ">
    <subfield code="a">Consalvi, Sim&#xF3;n Alberto, </subfield>
    <subfield code="e">pr&#xF3;logo. </subfield>
  </datafield>
  <datafield tag="700" ind1="1" ind2=" ">
    <subfield code="a">Schacht Aristeguieta, Efra&#xED;n,  </subfield>
    <subfield code="e">presentaci&#xF3;n.</subfield>
  </datafield>
  <datafield tag="942" ind1=" " ind2=" ">
    <subfield code="2">lcc</subfield>
    <subfield code="c">LIB</subfield>
  </datafield>
  <datafield tag="999" ind1=" " ind2=" ">
    <subfield code="c">169585</subfield>
    <subfield code="d">169583</subfield>
  </datafield>
  <datafield tag="952" ind1=" " ind2=" ">
    <subfield code="1">0</subfield>
    <subfield code="2">lcc</subfield>
    <subfield code="4">0</subfield>
    <subfield code="7">0</subfield>
    <subfield code="a">INV-033</subfield>
    <subfield code="b">INV-033</subfield>
    <subfield code="c">GENERAL</subfield>
    <subfield code="d">2024-01-31</subfield>
    <subfield code="e">DON</subfield>
    <subfield code="f">1a ed.</subfield>
    <subfield code="i">H</subfield>
    <subfield code="k">EH</subfield>
    <subfield code="l">0</subfield>
    <subfield code="o">F2326 P53 1987</subfield>
    <subfield code="p">IIH000035925</subfield>
    <subfield code="r">2024-01-31 00:00:00</subfield>
    <subfield code="t">1</subfield>
    <subfield code="v">1.00</subfield>
    <subfield code="y">LIB</subfield>
  </datafield>
</record>
